| 000 | 01215nam2a22002891 4500 | ||
|---|---|---|---|
| 001 | v19\rc\1873323 | ||
| 005 | 20251118180247.3 | ||
| 035 | _a(NLR Aleph) 004964064 | ||
| 090 |
_a6014639 _c6014639 |
||
| 100 | _a20080221d1910 u y0rusy50 ca | ||
| 101 | 1 |
_arus _cheb |
|
| 102 | _aRU | ||
| 105 | _ay z ||||| | ||
| 200 | 1 |
_a1. Семьдесят лет сна _a2. Говорящие души |
|
| 210 | _d1910 | ||
| 215 | _a16 с. | ||
| 461 | 0 |
_1001v19\rc\1873322 _12001#$aИзбранные легенды Древнего Востока в еврейской литературе$fПер. с дневнеевр. Н. Лидского. № 1$v№ 1 _96014632 _cВолковышки _d1910 _fПер. с дневнеевр. Н. Лидского. № 1 _nШерешевский, Н. Лидский _tИзбранные легенды Древнего Востока в еврейской литературе _v№ 1 |
|
| 517 | 0 | _aСемьдесят лет сна | |
| 517 | 0 | _aГоворящие души | |
| 801 | 0 |
_aRU _bNLR _gpsbo |
|
| 801 | 0 |
_aRU _bRuMoRGB _2psbo |
|
| 801 | 1 |
_aRU _bProSoft-M _2rusmarc |
|
| 852 |
_aNLR _j34.82.3.1074 |
||
| 899 |
_aRuMoRGB _jA 280/469 |
||
| 899 | _aБАН | ||
| 942 | _cBOOK | ||
| 980 | _aNB | ||